00317nam a2200133Ia 4500003000400000005001700004008004000021040000700061041000800068082001200076100002000088245003500108260004000143OSt20240120121749.0210210b1958 xxu||||| |||| 00| 0 eng d cAL aeng a330/132 aERHARD (Ludwig) aProsperity through competition aMumbaibAsia Publishing Housec1958